NFL Teams Quiz - Statistics

General Stats
  • This quiz has been taken 23 times
  • The average score is 31 of 32
Answer Stats
Team % Correct
Buccaneers
100%
Chiefs
100%
Colts
100%
Commanders
100%
Cowboys
100%
Eagles
100%
Giants
100%
Jets
100%
Lions
100%
Panthers
100%
Patriots
100%
Ravens
100%
Texans
100%
49ers
95%
Bears
95%
Bengals
95%
Broncos
95%
Browns
95%
Chargers
95%
Dolphins
95%
Packers
95%
Raiders
95%
Rams
95%
Saints
95%
Seahawks
95%
Steelers
95%
Titans
95%
Vikings
95%
Bills
90%
Cardinals
90%
Falcons
90%
Jaguars
86%
No matching quizzes found
Score Distribution
Percent of People with Each Score
Percentile by Number Answered
Your Score History
You have not taken this quiz